Statistics for All Asian Champions League Winners Since 2002

Click here to take the quiz!

General Stats

  • This quiz has been taken 13 times
  • The average score is 7 of 19

Answer Stats

HintAnswer% Correct
2021Al-Hilal
69%
2019Al-Hilal
69%
2018Kashima Antlers
54%
2013Guangzhou
46%
2015Guangzhou
46%
2002-03Al-Ain
38%
2011Al-Sadd
38%
2020Ulsan Hyundai
38%
2012Ulsan Hyundai
38%
2007Urawa Red Diamonds
38%
2017Urawa Red Diamonds
38%
2004Al-Ittihad
31%
2005Al-Ittihad
31%
2016Jeonbuk
31%
2006Jeonbuk
31%
2014Western Sydney Wanderers
23%
2009Pohang Steelers
15%
2008Gamba Osaka
8%
2010Seongnam
0%

Score Distribution

Percentile by Number Answered

Percent of People with Each Score

Your Score History

You have not taken this quiz